000 00335nam a22001457a 4500
008 210303b ||||| |||| 00| 0 eng d
020 _a9780618611317
041 _aeng
080 _24th
_a510
082 _a510
100 _a36
101 _aMAT
245 _aAlgebra Introductory and Intermediate
_cAufmann, R. N
942 _2udc
_cBK
999 _c55607
_d55607